Intelligence and international security : (Record no. 15876)

000 -LEADER
fixed length control field 02330nam a2200289 a 4500
001 - CONTROL NUMBER
control field ASIN041558387X
005 - DATE AND TIME OF LATEST TRANSACTION
control field 20170105102927.0
008 - FIXED-LENGTH DATA ELEMENTS--GENERAL INFORMATION
fixed length control field 131212s2010 xxu eng d
020 ## - INTERNATIONAL STANDARD BOOK NUMBER
International Standard Book Number 041558387X (hardcover)
Terms of availability $150.00
020 ## - INTERNATIONAL STANDARD BOOK NUMBER
International Standard Book Number 9780415583879 (hardcover)
040 ## - CATALOGING SOURCE
Original cataloging agency 0
050 04 - LIBRARY OF CONGRESS CALL NUMBER
Classification number JN329.I6
082 04 - DEWEY DECIMAL CLASSIFICATION NUMBER
Classification number 327.12
Author Mark INT 2011
245 00 - TITLE STATEMENT
Title Intelligence and international security :
Remainder of title new perspectives and agendas /
Statement of responsibility, etc. Len Scott, R. Gerald Hughes, Martin Alexander.
250 ## - EDITION STATEMENT
Edition statement 1st ed.
260 ## - PUBLICATION, DISTRIBUTION, ETC.
Place of publication, distribution, etc. [S.l.] :
Name of publisher, distributor, etc. Routledge,
Date of publication, distribution, etc. 2010.
300 ## - PHYSICAL DESCRIPTION
Extent 184 p. ;
Dimensions 25 cm.
520 ## - SUMMARY, ETC.
Summary, etc. The events of 9/11 and subsequent acts of jihadist terrorism, together with the failures of intelligence agencies over Iraq’s Weapons of Mass Destruction, have arguably heralded a new age of intelligence. For some this takes the form of a crisis of legitimacy. For others the threat of cataclysmic terrorism involving chemical, biological, radiological or nuclear attack gives added poignancy to the academic contention that intelligence failure is inevitable. Many of the challenges facing intelligence appear to be both new and deeply worrying. In response, intelligence has clearly taken on new forms and new agendas. How these various developments are viewed depends upon the historical, normative and political frameworks in which they are analysed. This book addresses fundamental questions arising in this new age. The central aim of the collection is to identify key issues and questions and subject them to interrogation from different methodological perspectives using internationally acclaimed experts in the field. A key focus in the collection is on British and North American perspectives. Recent trends and debates about the organisation and conduct of intelligence provide key themes for exploration. Underpinning several contributions is the recognition that intelligence faces a conflict of ideas as much as practices and threats. This book was published as a special issue of Intelligence and National Security .
650 #0 - SUBJECT ADDED ENTRY--TOPICAL TERM
Topical term or geographic name entry element Great Britain
650 #0 - SUBJECT ADDED ENTRY--TOPICAL TERM
Topical term or geographic name entry element Intelligence service
650 #0 - SUBJECT ADDED ENTRY--TOPICAL TERM
Topical term or geographic name entry element United States
700 1# - ADDED ENTRY--PERSONAL NAME
Personal name Alexander, Martin.
700 1# - ADDED ENTRY--PERSONAL NAME
Personal name Hughes, R. Gerald.
700 1# - ADDED ENTRY--PERSONAL NAME
Personal name Scott, Len.
856 40 - ELECTRONIC LOCATION AND ACCESS
Materials specified Amazon.com
Uniform Resource Identifier <a href="http://www.amazon.com/exec/obidos/ASIN/041558387X/chopaconline-20">http://www.amazon.com/exec/obidos/ASIN/041558387X/chopaconline-20</a>
942 ## - ADDED ENTRY ELEMENTS (KOHA)
Source of classification or shelving scheme
Koha item type Book
Holdings
Withdrawn status Lost status Damaged status Not for loan Collection code Permanent Location Current Location Shelving location Date acquired Total Checkouts Full call number Barcode Date last seen Price effective from Koha item type
          Centre for International Peace & Stability (CIPS) Centre for International Peace & Stability (CIPS) General Stacks 10/02/2013   327.12 INT 2011 CIPS0001051 12/12/2013 12/12/2013 Book
© 2023 Central Library, National University of Sciences and Technology. All Rights Reserved.